=LDR 00000nam 2200000 4500 =001 NUTBA000000000003939 =990 ##$$a 21409262 =005 20251103013601 =990 ##$$a 21409263 =035 ##$$a 0010-081400000000784 =990 ##$$a 21409264 =008 251103###########################0#ind## =990 ##$$a 21409265 =020 ##$$a 979-489-931-3 =990 ##$$a 21409266 =040 ##$$a NBPDMAT =082 ##$$a 028.5 =084 ##$$a 028.5 TIT k =100 ##$$a Titut Wibsono =245 1#$$a Kupu-kupu Serangga Yang indah /$c Titut Wibsono =250 ##$$a Cet. 1 =260 ##$$a Jakarta :$b Penebar Swadaya,$c 2005 =300 ##$$a 20 hlm. : $b ilus ; $c 26 cm. =650 #4$$a Bacaan kanak-kanak =990 ##$$a 21409262 =990 ##$$a 21409263 =990 ##$$a 21409264 =990 ##$$a 21409265 =990 ##$$a 21409266 =990 ##$$a 21409266 =990 ##$$a 21409262 =990 ##$$a 21409263 =990 ##$$a 21409264 =990 ##$$a 21409265